A voice from Colorado's past for the present : selected writings of George Norlin /

Bibliographic Details
Main Author: Norlin, George, 1871-1942
Other Authors: Ellsworth, Ralph E. (Ralph Eugene), 1907-2000
Format: Book
Language:English
Published: Boulder, Colo. : Colorado Associated University Press, [1985]
Subjects:

MARC

Tag First Indicator Second Indicator Subfields
LEADER 00000cam a2200000 a 4500
001 in00000420121
005 20151012053859.0
008 860602s1985 couac b 00010aeng d
010 |a  85072909  
020 |a 0870811576 :  |c $15.00 
035 |a (OCoLC)13676901 
035 |9 ABU5863AM 
040 |a COW  |c COW  |d TXA  |d UtOrBLW 
043 |a n-us-co 
049 |a TXAM  |c [A09538811] 
090 |a PS3527.O45  |b V6 1985 
100 1 |a Norlin, George,  |d 1871-1942. 
245 1 2 |a A voice from Colorado's past for the present :  |b selected writings of George Norlin /  |c selected and edited by Ralph E. Ellsworth. 
264 1 |a Boulder, Colo. :  |b Colorado Associated University Press,  |c [1985] 
264 4 |c ©1985 
300 |a xi, 106 pages :  |b illustrations, portrait ;  |c 24 cm. 
336 |a text  |b txt  |2 rdacontent 
337 |a unmediated  |b n  |2 rdamedia 
338 |a volume  |b nc  |2 rdacarrier 
504 |a Bibliography: pages 105-106. 
505 0 |a Early years.--Presidential years.--Nazism, Fascism, nationalism, isolationism, and the coming of World War II.--Norlin's philosophy.--Norlin's charge to graduates. 
610 2 0 |a University of Colorado Boulder  |x Presidents  |x Biography. 
650 0 |a College presidents  |z Colorado  |x Biography. 
650 0 |a Education, Higher. 
600 1 0 |a Norlin, George,  |d 1871-1942. 
700 1 |a Ellsworth, Ralph E.  |q (Ralph Eugene),  |d 1907-2000. 
999 |a MARS 
999 f f |s 2ee5050f-77e7-3bed-8654-1923401f5507  |i 5dd8da2e-680d-39c0-a194-b6af1a240b8b  |t 0 
952 f f |p ric  |a Texas A&M University  |b Rellis Campus  |c Joint Library Facility  |d Remote Storage  |t 0  |e PS3527.O45 V6 1985  |h Library of Congress classification  |i unmediated -- volume  |m A14809538811 
998 f f |a PS3527.O45 V6 1985  |t 0  |l Remote Storage